000 00339nam a2200145Ia 4500
001 R-316
003 CODICE-MESSINA
005 20260212102450.0
008 260211s9999 xx 000 0 und d
040 _cimportazione_messina
100 _aPiere Paolo Pasolini
245 0 _aUna Vita Violenta
260 _bGarzanti
942 _2ddc
_cBK
999 _c26800
_d26800